00909 a2200181 4500001000700000020001800007040003200025100002100057245002500078250001100103362000900114520045200123650001200575650002700587942000700614952008700621999001900708121987 a9780755345786 cEscola Canadense de Niteroi aMatthews, Carole10aAll you need is love a1. ed.0 a2009 aSingle mum and all-round superwoman Sally Freeman wants a better life for herself and her son Charlie so she sets about improving things for them. Just as her mission begins, enter Spencer Knight who's offering Sally a ticket to a new life. He's got the looks, the charm - everything she could wish for. But is he really the answer to her prayers or does her hapless ex-boyfriend Johnny still hold the key to her heart? (Grade Level: 9-Highschool) 4aRomance 4aYoung Adult Literature cBK 00104070a80.1b80.1d2024-02-09l0pA16521r2024-02-09 21:17:54w2024-02-09yBK c121987d121987